000 00565nam a2200205 u 4500
001 000020712
003 DO-SdBNP
005 20250626112503.0
008 100813s2001 xxu r 000 0 spa d
020 _a9780395937761
040 _aDO-SdBNP
_bspa
_cBPJMB
082 _axxxx
_bL334a
245 0 0 _aÁlgebra 1 /
_cRon Larson ... [et al.].
260 _aIllinois :
_bMcDougal Littell ,
_c2001.
300 _a834 p. :
_bil. ;
_c26 cm.
700 1 _aBoswell, Laurie
_943458
710 1 _aKanold, Timothy D.
_943459
710 1 _aStiff, Lee
_943460
942 _2ddc
_cLBS1
999 _c20216
_d20216